00735 2200253 4500001002100000005001700021008004100038020001800079035002400097040001200121082001100133090001600144245009100160250001100251260003500262300002900297500004100326504003000367650002100397700002000418700001600438850001200454990001500466YOGYA-0209000006838220090227092046.0 ind  a979-539-095-3 0010-020900000068382 aYOPDYOG a297.64 a297.64bPen aPENDIDIKAN Islam dalam peradaban industrialcpenyunting, Muslih Usa dan Aden Wijdan SZ aCet. 1 aYogyakartabAditya Mediac1997 axi, 264 hlmbilusc22 cm aBekerjasama dengan Fak. Tarbiyah UII aBibliografi : hlm.261-264 aPendidikan Islam aWijdan SZ, Aden aUsa, Muslih aYOPDYOG a99P0000106